Anyone but Herbert Hoover Quiz Stats

 Plays Quiz Updated Jul 9, 2019

Score 0/47 Timer 04:00
1 Play Today
Hint Answer % Correct
Have a Double Letter SurnameJohn F. Kennedy
97.6%
Died in the 1960sJohn F. Kennedy
97.6%
Made an Official Visit to Puerto RicoJohn F. Kennedy
97.6%
Received an Honorary Degree from HarvardJohn F. Kennedy
97.6%
Have a Double Letter SurnameFranklin D. Roosevelt
96.2%
Received +80% of the Electoral VotesFranklin D. Roosevelt
96.2%
Made an Official Visit to Puerto RicoFranklin D. Roosevelt
96.2%
Received an Honorary Degree from HarvardFranklin D. Roosevelt
96.2%
Have a Double Letter SurnameTheodore Roosevelt
96.2%
Made an Official Visit to Puerto RicoTheodore Roosevelt
96.2%
Received an Honorary Degree from HarvardTheodore Roosevelt
96.2%
Made an Official Visit to Puerto RicoBarack Obama
92.3%
Died in the 1960sDwight D. Eisenhower
92.1%
Received +80% of the Electoral VotesDwight D. Eisenhower
92.1%
Received an Honorary Degree from HarvardDwight D. Eisenhower
92.1%
Received an Honorary Degree from HarvardJohn Adams
91.8%
Served as a Cabinet SecretaryJohn Quincy Adams
91.8%
Received an Honorary Degree from HarvardJohn Quincy Adams
91.8%
Received an Honorary Degree from HarvardGeorge H.W. Bush
91.3%
Have a Double Letter SurnameThomas Jefferson
91.1%
Served as a Cabinet SecretaryThomas Jefferson
91.1%
Received +80% of the Electoral VotesThomas Jefferson
91.1%
Received an Honorary Degree from HarvardThomas Jefferson
91.1%
Received +80% of the Electoral VotesRonald Reagan
89.9%
Hint Answer % Correct
Received +80% of the Electoral VotesGeorge Washington
88%
Received an Honorary Degree from HarvardGeorge Washington
88%
Received +80% of the Electoral VotesLyndon B. Johnson
88%
Received +80% of the Electoral VotesRichard Nixon
88%
Received +80% of the Electoral VotesAbraham Lincoln
84.1%
Have a Double Letter SurnameCalvin Coolidge
83.8%
Served as a Cabinet SecretaryJames Madison
82.5%
Served as a Cabinet SecretaryJames Monroe
82%
Received +80% of the Electoral VotesJames Monroe
82%
Made an Official Visit to Puerto RicoDonald Trump
81%
Have a Double Letter SurnameWilliam H. Harrison
80.3%
Have a Double Letter SurnameBenjamin Harrison
80.3%
Received an Honorary Degree from HarvardAndrew Jackson
79.4%
Received +80% of the Electoral VotesWoodrow Wilson
79%
Received an Honorary Degree from HarvardWoodrow Wilson
79%
Served as a Cabinet SecretaryWilliam H. Taft
78.4%
Received an Honorary Degree from HarvardWilliam H. Taft
78.4%
Received +80% of the Electoral VotesUlysses S. Grant
78%
Received an Honorary Degree from HarvardUlysses S. Grant
78%
Served as a Cabinet SecretaryMartin Van Buren
69.8%
Received +80% of the Electoral VotesFranklin Pierce
64.4%
Have a Double Letter SurnameMillard Fillmore
63.2%
Served as a Cabinet SecretaryJames Buchanan
63%

You're not logged in!

Compare scores with friends on all Sporcle quizzes.
OR
Log In

Sporcle TV

Today on Sporcle TV


Watch our educational content, quiz creation guides, and fun videos on Sporcle TV.

Show Comments

Extras

Top Quizzes Today


Score Distribution

Your Account Isn't Verified!

In order to create a playlist on Sporcle, you need to verify the email address you used during registration. Go to your Sporcle Settings to finish the process.

Report this User

Report this user for behavior that violates our Community Guidelines.

Details: